000 00446nam a2200181Ia 4500
008 230524s9999 xx 000 0 und d
020 _a8173664358
082 _a621.3821
_bROD
100 _aMartin S.Roden
245 0 _aElectronics Design From Concept to Reality
250 _a4TH
260 _aNEW DELHI
_bShroff
_c2005
300 _aXX;979
500 _aQuantity Number: 15
650 _aElectronics
700 _a Gorden L
942 _cBK
999 _c9041
_d9041